[Event "NAYCC U12"]
[Site "Windsor CAN"]
[Date "2016.08.07"]
[Round "1.108"]
[White "Xing, Kun"]
[Black "Doknjas, Neil"]
[Result "0-1"]
[WhiteElo "880"]
[BlackElo "1693"]
[PlyCount "70"]
[EventDate "2016.08.07"]
[EventType "swiss"]
[EventRounds "9"]
[EventCountry "CAN"]

1. e4 c5 2. Nf3 d6 3. d4 cxd4 4. Nxd4 Nf6 5. Nc3 a6 6. Bg5 e6 7. Bd3 Be7 8. f4
Qb6 9. e5 dxe5 10. fxe5 Nfd7 11. Bxe7 Qxd4 12. Bd6 Qe3+ 13. Qe2 Qxe2+ 14. Bxe2
Nc6 15. O-O Ndxe5 16. Ne4 f6 17. Bxe5 Nxe5 18. Nd6+ Ke7 19. Nc4 Nxc4 20. Bxc4
b5 21. Bb3 Bb7 22. Rae1 e5 23. Rf2 Rhd8 24. Ree2 Rd1+ 25. Rf1 Rd6 26. c3 Rad8
27. Re3 Rd2 28. Rf2 Rxf2 29. Kxf2 Rd2+ 30. Re2 Rxe2+ 31. Kxe2 Bxg2 32. Ke3 f5
33. Bg8 g6 34. Bxh7 Kf7 35. Kf2 Bd5 0-1

[Event "NAYCC U12"]
[Site "Windsor CAN"]
[Date "2016.08.07"]
[Round "1.111"]
[White "Zhao, Jonathan"]
[Black "Dong, Leo"]
[Result "1-0"]
[WhiteElo "1650"]
[BlackElo "784"]
[PlyCount "77"]
[EventDate "2016.08.07"]
[EventType "swiss"]
[EventRounds "9"]
[EventCountry "CAN"]

1. d4 Nf6 2. Nf3 c5 3. e3 g6 4. Bd3 Bg7 5. c3 O-O 6. Nbd2 d6 7. O-O Nc6 8. Qe2
Be6 9. Rd1 Nd7 10. Nc4 d5 11. Ncd2 c4 12. Bc2 Nb6 13. e4 dxe4 14. Nxe4 Qc7 15.
Nc5 Nd8 16. Nxe6 Nxe6 17. Ng5 Nf4 18. Qe4 e5 19. Re1 Rfe8 20. Qf3 Bh6 21. dxe5
Bxg5 22. Bxf4 Qe7 23. Bxg5 Qxg5 24. Qxb7 Re7 25. Qe4 Rae8 26. f4 Qh4 27. Qd4 f6
28. Re4 f5 29. Re2 Qg4 30. Qf2 Nd5 31. g3 Nxf4 32. Qxf4 Qxe2 33. Ba4 Qxb2 34.
Qxc4+ Kf8 35. Rd1 Qb6+ 36. Kf1 Rd8 37. Rxd8+ Qxd8 38. Bb3 Qe8 39. Qg8# 1-0

[Event "NAYCC U12"]
[Site "Windsor CAN"]
[Date "2016.08.07"]
[Round "1.112"]
[White "Zaid, Daniyal"]
[Black "Tanaka, Tyler"]
[Result "0-1"]
[WhiteElo "714"]
[BlackElo "1620"]
[PlyCount "40"]
[EventDate "2016.08.07"]
[EventType "swiss"]
[EventRounds "9"]
[EventCountry "CAN"]

1. e4 c5 2. Nf3 Nc6 3. Nc3 d6 4. d3 g6 5. d4 cxd4 6. Nxd4 Nf6 7. Nxc6 bxc6 8.
Bg5 Bg7 9. Qf3 Qa5 10. e5 Qxe5+ 11. Be3 d5 12. O-O-O Bg4 13. Qg3 Qxg3 14. fxg3
Bxd1 15. Kxd1 O-O 16. Bc5 Rfe8 17. Ba6 Rab8 18. b4 Nd7 19. a3 Nxc5 20. bxc5
Bxc3 0-1

[Event "NAYCC U12"]
[Site "Windsor CAN"]
[Date "2016.08.08"]
[Round "2.87"]
[White "Wang, Wesley"]
[Black "Shi, William"]
[Result "1-0"]
[WhiteElo "2131"]
[BlackElo "1753"]
[PlyCount "49"]
[EventDate "2016.08.07"]
[EventType "swiss"]
[EventRounds "9"]
[EventCountry "CAN"]

1. e4 c5 2. Nf3 e6 3. d4 cxd4 4. Nxd4 Nc6 5. Nc3 Qc7 6. a3 a6 7. Be2 Nf6 8. O-O
Be7 9. Kh1 O-O 10. Be3 Rd8 11. f4 d6 12. Qe1 Rb8 13. Qg3 Nd7 14. f5 Nxd4 15.
Bxd4 Ne5 16. a4 b6 17. Rf4 Kh8 18. Raf1 f6 19. Rh4 Nf7 20. Qg6 Nh6 21. Rxh6
gxh6 22. Bxf6+ Bxf6 23. Qxf6+ Kg8 24. Rf3 Rd7 25. fxe6 1-0

[Event "NAYCC U12"]
[Site "Windsor CAN"]
[Date "2016.08.08"]
[Round "2.89"]
[White "Doknjas, Neil"]
[Black "Huang, Qiuyu"]
[Result "1-0"]
[WhiteElo "1693"]
[BlackElo "1972"]
[PlyCount "75"]
[EventDate "2016.08.07"]
[EventType "swiss"]
[EventRounds "9"]
[EventCountry "CAN"]

1. e4 c5 2. Nf3 Nc6 3. d4 cxd4 4. Nxd4 g6 5. Nc3 Bg7 6. Be3 Nf6 7. Nxc6 bxc6 8.
e5 Nd5 9. Nxd5 cxd5 10. Qxd5 Rb8 11. Bc4 O-O 12. O-O Bb7 13. Qd3 Bxe5 14. Bxa7
Rc8 15. Bd4 Bxd4 16. Qxd4 e5 17. Qd3 Qg5 18. Bd5 Bxd5 19. Qxd5 Rxc2 20. b4 Rd2
21. Qb3 e4 22. b5 Re8 23. Qe3 Qd5 24. a4 f5 25. a5 Rf8 26. Qf4 Re8 27. b6 e3
28. a6 Rd4 29. Qf3 Rde4 30. fxe3 Qc5 31. a7 Qd5 32. Qf2 Rb4 33. Qa2 Qxa2 34.
Rxa2 Ra8 35. Ra6 Kf8 36. Rc1 Ke8 37. Rc7 Kd8 38. b7 1-0

[Event "NAYCC U12"]
[Site "Windsor CAN"]
[Date "2016.08.08"]
[Round "2.90"]
[White "Tanaka, Tyler"]
[Black "McNutt, William"]
[Result "1/2-1/2"]
[WhiteElo "1620"]
[BlackElo "1875"]
[PlyCount "109"]
[EventDate "2016.08.07"]
[EventType "swiss"]
[EventRounds "9"]
[EventCountry "CAN"]

1. e4 e6 2. d4 d5 3. e5 c5 4. c3 Nc6 5. Nf3 Bd7 6. a3 a5 7. Bd3 Qb6 8. Bc2 Be7
9. a4 cxd4 10. cxd4 Nb4 11. Nc3 Nxc2+ 12. Qxc2 Qa6 13. Bf4 Rc8 14. Qe2 Qxe2+
15. Kxe2 Bb4 16. Rhc1 Ne7 17. Bd2 O-O 18. Nb5 Bxb5+ 19. axb5 Bxd2 20. Nxd2 Nf5
21. Kd3 b6 22. Rc6 Rxc6 23. bxc6 Rc8 24. Rc1 Rc7 25. Ra1 h5 26. b4 axb4 27.
Ra8+ Kh7 28. Ra4 Rxc6 29. Rxb4 g5 30. Nb1 b5 31. Na3 Ra6 32. Nc2 Rb6 33. Na3
Nh4 34. g3 Nf3 35. h3 Ng1 36. h4 gxh4 37. gxh4 Nf3 38. Rb1 b4 39. Nc2 b3 40.
Na1 Nxh4 41. Nxb3 Nf5 42. Kc3 Ra6 43. Rh1 Kg6 44. Rg1+ Kh6 45. f4 h4 46. Rg8
Ra2 47. Nc5 Rf2 48. Nd7 Rf3+ 49. Kd2 Rg3 50. Rh8+ Kg7 51. Re8 h3 52. Nf6 Rg2+
53. Kc3 Nh6 54. f5 h2 55. Nh5+ 1/2-1/2

[Event "NAYCC U12"]
[Site "Windsor CAN"]
[Date "2016.08.08"]
[Round "2.91"]
[White "Idnani, Roshan"]
[Black "Grabinsky, Joshua"]
[Result "1/2-1/2"]
[WhiteElo "1860"]
[BlackElo "1704"]
[PlyCount "127"]
[EventDate "2016.08.07"]
[EventType "swiss"]
[EventRounds "9"]
[EventCountry "CAN"]

1. Nf3 Nf6 2. g3 b6 3. Bg2 Bb7 4. O-O c5 5. c4 e6 6. Nc3 Be7 7. Re1 d6 8. e4
Nbd7 9. d4 cxd4 10. Nxd4 Qc7 11. f4 O-O 12. Ncb5 Qc8 13. b3 a6 14. Na3 Qc7 15.
Bb2 h6 16. e5 dxe5 17. fxe5 Nh7 18. Bxb7 Qxb7 19. Nac2 Ng5 20. h4 Nh3+ 21. Kh2
Nf2 22. Qf3 Qxf3 23. Nxf3 Nd3 24. Reb1 Nxb2 25. Rxb2 f6 26. Nfd4 Nc5 27. Nc6
Rfe8 28. N2d4 Nd3 29. exf6 Bxf6 30. Rd2 Nc5 31. Re1 Rac8 32. b4 Na4 33. b5 axb5
34. cxb5 Nc3 35. Rc2 Kf7 36. Rf1 Nd5 37. Re2 Nc3 38. Rc2 Nd5 39. Rf3 Kg8 40.
Ne2 e5 41. Rd3 Ne7 42. Rd7 Nf5 43. g4 Nd4 44. Nexd4 exd4 45. Rd2 Re4 46. Rb7
Rce8 47. Rxb6 Re2+ 48. Rxe2 Rxe2+ 49. Kg3 d3 50. Rb7 Rxa2 51. Rd7 d2 52. b6 Rb2
53. b7 Rxb7 54. Rxd2 Rb3+ 55. Kh2 Bxh4 56. Nd4 Rg3 57. Rg2 Rd3 58. Ne2 Bf6 59.
Kh1 Be5 60. Kg1 Kf7 61. Rf2+ Kg6 62. Rf5 Bd6 63. Kg2 Rb3 64. Rd5 1/2-1/2

[Event "NAYCC U12"]
[Site "Windsor CAN"]
[Date "2016.08.08"]
[Round "2.92"]
[White "England, Max"]
[Black "Liang, Justin"]
[Result "1-0"]
[WhiteElo "1607"]
[BlackElo "1853"]
[PlyCount "101"]
[EventDate "2016.08.07"]
[EventType "swiss"]
[EventRounds "9"]
[EventCountry "CAN"]

1. e4 c5 2. d4 cxd4 3. c3 dxc3 4. Nxc3 e6 5. Nf3 Nc6 6. Bc4 Qc7 7. O-O Nf6 8.
Nb5 Qb8 9. e5 Nxe5 10. Nxe5 Qxe5 11. Re1 Qc5 12. Bf1 Nd5 13. Re5 Kd8 14. Qf3 f6
15. Be3 Qc6 16. Rc1 fxe5 17. Rxc6 bxc6 18. Bg5+ Ke8 19. Nc3 Be7 20. Bxe7 Kxe7
21. Qg3 Rf8 22. Qxg7+ Rf7 23. Qg5+ Nf6 24. Qxe5 d6 25. Qa5 Bd7 26. Qa6 e5 27.
Qa3 Ke6 28. Qb3+ Ke7 29. Bd3 Rg8 30. Qb7 Kf8 31. Qb8+ Ke7 32. Qxa7 Nh5 33. Bc4
d5 34. Qc5+ Ke8 35. Qd6 Nf4 36. Qb8+ Ke7 37. Qxg8 dxc4 38. Qg5+ Kd6 39. Ne4+
Kd5 40. Nf6+ Ke6 41. Nxd7 Rxd7 42. Qg4+ Ke7 43. g3 Ne6 44. Qxc4 Rd1+ 45. Kg2
Nd4 46. Qb4+ Ke6 47. Qb8 e4 48. Qe8+ Kf6 49. Qxe4 h5 50. Qe8 h4 51. Qh8+ 1-0

[Event "NAYCC U12"]
[Site "Windsor CAN"]
[Date "2016.08.08"]
[Round "2.93"]
[White "Zheng, Victor"]
[Black "Ouyang, Nathan"]
[Result "1-0"]
[WhiteElo "1852"]
[BlackElo "1693"]
[PlyCount "143"]
[EventDate "2016.08.07"]
[EventType "swiss"]
[EventRounds "9"]
[EventCountry "CAN"]

1. Nf3 c5 2. c4 Nf6 3. Nc3 g6 4. g3 Nc6 5. Bg2 d6 6. O-O Be6 7. b3 Bg7 8. Bb2
O-O 9. e3 d5 10. Nxd5 Nxd5 11. Bxg7 Kxg7 12. cxd5 Bxd5 13. Qc2 b6 14. Rfd1 Nb4
15. Qc3+ Kg8 16. d4 Qc7 17. a3 Na6 18. dxc5 Bb7 19. c6 Qxc6 20. Qxc6 Bxc6 21.
Rac1 Rac8 22. Ne5 Bxg2 23. Kxg2 Rfd8 24. Rxd8+ Rxd8 25. b4 f6 26. Nc6 Rd3 27.
b5 Nc5 28. Nxa7 Rxa3 29. Nc8 Rb3 30. Nxe7+ Kf7 31. Nd5 Rxb5 32. Nxb6 Rxb6 33.
Rxc5 Ke6 34. Rc7 h5 35. h4 f5 36. Kf3 Ke5 37. Rc5+ Kf6 38. e4 fxe4+ 39. Kxe4
Rb4+ 40. Kf3 Rb3+ 41. Kg2 Rb2 42. Rg5 Rb4 43. Ra5 Rb2 44. Ra4 Rc2 45. Ra6+ Kf5
46. Ra5+ Kf6 47. Ra4 Kf5 48. Rf4+ Ke5 49. Kh3 Rc3 50. Rf8 Ra3 51. f3 Rb3 52. g4
hxg4+ 53. Kxg4 Rb1 54. Kg5 Rg1+ 55. Kh6 Rh1 56. f4+ Ke6 57. Kxg6 Rxh4 58. Re8+
Kd7 59. Re4 Rg4+ 60. Kf5 Rg1 61. Kf6 Rg4 62. Re7+ Kd6 63. f5 Rf4 64. Re6+ Kd5
65. Re1 Rf2 66. Kg6 Rg2+ 67. Kf7 Kd6 68. f6 Kd7 69. Kf8 Kd8 70. Rd1+ Kc7 71. f7
Kc8 72. Rd5 1-0

[Event "NAYCC U12"]
[Site "Windsor CAN"]
[Date "2016.08.08"]
[Round "2.94"]
[White "Butchart, Kevin"]
[Black "Idnani, Taran"]
[Result "0-1"]
[WhiteElo "1083"]
[BlackElo "1826"]
[PlyCount "56"]
[EventDate "2016.08.07"]
[EventType "swiss"]
[EventRounds "9"]
[EventCountry "CAN"]

1. e4 c6 2. Nf3 d5 3. e5 Bf5 4. d4 e6 5. c3 Nd7 6. a3 Bg6 7. Nbd2 Ne7 8. Nh4 c5
9. Nxg6 hxg6 10. Nf3 Nc6 11. b4 cxd4 12. cxd4 Qb6 13. Bb2 a5 14. b5 Ne7 15. a4
Nf5 16. Rc1 Bb4+ 17. Bc3 O-O 18. Bxb4 axb4 19. Rb1 Qa5 20. Qb3 Qxa4 21. Qxb4
Qc2 22. Qb2 Qe4+ 23. Be2 Rfc8 24. Qb4 Rc2 25. Ng1 Nxd4 26. f3 Qe3 27. Rd1 Rxe2+
28. Nxe2 Qxe2# 0-1

[Event "NAYCC U12"]
[Site "Windsor CAN"]
[Date "2016.08.08"]
[Round "2.95"]
[White "Renard, Christopher"]
[Black "Hung, Daniel"]
[Result "0-1"]
[WhiteElo "799"]
[BlackElo "1812"]
[PlyCount "88"]
[EventDate "2016.08.07"]
[EventType "swiss"]
[EventRounds "9"]
[EventCountry "CAN"]

1. e4 e6 2. Nc3 d5 3. exd5 exd5 4. d4 Bb4 5. Nf3 Ne7 6. h3 Nbc6 7. Bd3 Bf5 8.
a3 Bxc3+ 9. bxc3 Qd7 10. Bb5 O-O-O 11. Ne5 Qe6 12. Bf4 f6 13. O-O fxe5 14. Bxe5
Nxe5 15. dxe5 c6 16. Bd3 Bxd3 17. cxd3 Qxe5 18. d4 Qf6 19. Re1 Rde8 20. Qg4+
Nf5 21. f4 Re4 22. Rxe4 dxe4 23. Re1 Re8 24. Qh5 Qg6 25. Qxg6 hxg6 26. g4 Nd6
27. Kg2 e3 28. Kf3 Nb5 29. Rxe3 Rxe3+ 30. Kxe3 Nxa3 31. Ke4 Nc4 32. f5 g5 33.
f6 gxf6 34. Kf5 a5 35. Kxf6 a4 36. Kxg5 a3 37. h4 a2 38. h5 a1=Q 39. Kg6 Qxc3
40. h6 Qxd4 41. h7 Ne5+ 42. Kg7 Nxg4+ 43. Kg8 Nf6+ 44. Kg7 Nxh7+ 0-1

[Event "NAYCC U12"]
[Site "Windsor CAN"]
[Date "2016.08.08"]
[Round "2.96"]
[White "Tsay, Vincent"]
[Black "Zhao, Jonathan"]
[Result "1-0"]
[WhiteElo "1789"]
[BlackElo "1650"]
[PlyCount "47"]
[EventDate "2016.08.07"]
[EventType "swiss"]
[EventRounds "9"]
[EventCountry "CAN"]

1. d4 d5 2. Bf4 Nf6 3. e3 e6 4. Nd2 c5 5. c3 Bd6 6. Bg3 Nc6 7. Ngf3 O-O 8. Bd3
b6 9. Ne5 Ne7 10. O-O Bb7 11. Bh4 Ng6 12. Nxg6 hxg6 13. f4 Be7 14. Bxf6 Bxf6
15. g4 g5 16. Qf3 Qc7 17. Qh3 Rfd8 18. Nf3 gxf4 19. g5 e5 20. gxf6 e4 21. Ng5
gxf6 22. Qh7+ Kf8 23. Ne6+ fxe6 24. Qxc7 1-0

[Event "NAYCC U12"]
[Site "Windsor CAN"]
[Date "2016.08.08"]
[Round "2.98"]
[White "Zhong, Wenxuan"]
[Black "Li, Jack"]
[Result "1-0"]
[WhiteElo "1758"]
[BlackElo "1511"]
[PlyCount "93"]
[EventDate "2016.08.07"]
[EventType "swiss"]
[EventRounds "9"]
[EventCountry "CAN"]

1. e4 c5 2. Ne2 Nc6 3. g3 e6 4. Bg2 Nf6 5. O-O Be7 6. c3 O-O 7. d4 cxd4 8. cxd4
d5 9. e5 Nd7 10. Nbc3 Nb6 11. f4 a6 12. g4 Bd7 13. Ng3 f6 14. Nce2 fxe5 15.
dxe5 Nc4 16. b3 Bc5+ 17. Kh1 Ne3 18. Bxe3 Bxe3 19. Qd3 Bc5 20. a3 a5 21. h3 Qb6
22. f5 Nxe5 23. Qd1 d4 24. Nf4 exf5 25. Nd5 Qd6 26. gxf5 Bc6 27. Nf4 Bxg2+ 28.
Kxg2 Qc6+ 29. Kh2 Rae8 30. b4 axb4 31. axb4 Bxb4 32. Qb3+ Kh8 33. Qxb4 Nf3+ 34.
Rxf3 Qxf3 35. Rf1 Qe3 36. Ne6 Rf7 37. Qxd4 Qxd4 38. Nxd4 Rf6 39. Rb1 Rf7 40.
Rb6 Rd7 41. Nf3 Kg8 42. Re6 Rc8 43. Ne4 Rc2+ 44. Kg3 Rc6 45. Re8+ Kf7 46. Rh8
Re7 47. Neg5+ 1-0

[Event "NAYCC U12"]
[Site "Windsor CAN"]
[Date "2016.08.08"]
[Round "2.99"]
[White "Balderas, Adolfo"]
[Black "Li, Si"]
[Result "1-0"]
[WhiteElo "1956"]
[BlackElo "1366"]
[PlyCount "63"]
[EventDate "2016.08.07"]
[EventType "swiss"]
[EventRounds "9"]
[EventCountry "CAN"]

1. e4 c5 2. Nf3 d6 3. d4 cxd4 4. Nxd4 Nf6 5. Nc3 g6 6. Be3 Bg7 7. f3 O-O 8. Bc4
Nc6 9. Bb3 Bd7 10. Qd2 Na5 11. O-O-O Rb8 12. h4 h5 13. Bh6 Nxb3+ 14. Nxb3 Ba4
15. Nxa4 Bh8 16. Bxf8 Kxf8 17. e5 Ne8 18. Rhe1 b5 19. exd6 e6 20. Nac5 Qf6 21.
Nd7+ Kg8 22. Nxf6+ Nxf6 23. d7 Nd5 24. Qa5 Bf6 25. Rxd5 Rd8 26. Rdd1 Bxh4 27.
Qxb5 Bg5+ 28. Qxg5 Rxd7 29. Rxd7 Kg7 30. Rxe6 a5 31. Qxg6+ Kh8 32. Re8# 1-0

[Event "NAYCC U12"]
[Site "Windsor CAN"]
[Date "2016.08.08"]
[Round "2.100"]
[White "Nair, Siddhant"]
[Black "Omichi, Haruaki"]
[Result "0-1"]
[WhiteElo "1825"]
[BlackElo "1071"]
[PlyCount "108"]
[EventDate "2016.08.07"]
[EventType "swiss"]
[EventRounds "9"]
[EventCountry "CAN"]

1. d4 d5 2. c4 dxc4 3. Nf3 Nf6 4. g3 e6 5. Bg2 Nc6 6. O-O Be7 7. e3 O-O 8. Qc2
Nd5 9. a3 b5 10. Rd1 Na5 11. Nbd2 c5 12. dxc5 Qc7 13. Nd4 Bd7 14. Ne4 Rab8 15.
Bd2 Nb7 16. c6 Bxc6 17. Nxc6 Qxc6 18. Nc3 Rfd8 19. b3 Nc5 20. Nxd5 exd5 21.
bxc4 bxc4 22. Bb4 Bf6 23. Rab1 Rbc8 24. Bxc5 Qxc5 25. Qf5 c3 26. Rbc1 d4 27.
Qxc5 Rxc5 28. exd4 Rxd4 29. Rxd4 Bxd4 30. Rc2 Rb5 31. Bc6 Rb2 32. Rxb2 cxb2 33.
Be4 a5 34. a4 Kf8 35. Kf1 Ke7 36. Ke2 Kd6 37. f3 Kc5 38. Bc2 Kb4 39. Kd3 Bf6
40. Bb1 Kxa4 41. Kc4 h6 42. f4 g6 43. h3 Bg7 44. g4 g5 45. f5 Be5 46. Kd5 f6
47. Kc4 Bd6 48. Kc3 Ka3 49. Kc2 Be5 50. Kd3 Kb3 51. Kd2 a4 52. Kd3 a3 53. Kd2
a2 54. Bc2+ Kb4 0-1

[Event "NAYCC U12"]
[Site "Windsor CAN"]
[Date "2016.08.08"]
[Round "2.101"]
[White "Huang, Andrew"]
[Black "Hawthorn, Henry"]
[Result "0-1"]
[WhiteElo "1754"]
[BlackElo "1486"]
[PlyCount "98"]
[EventDate "2016.08.07"]
[EventType "swiss"]
[EventRounds "9"]
[EventCountry "CAN"]

1. e4 c5 2. Nf3 e6 3. d4 cxd4 4. Nxd4 a6 5. Nc3 Qc7 6. Be3 Nf6 7. Be2 Bb4 8.
O-O Bxc3 9. bxc3 Nxe4 10. c4 Nc3 11. Qd3 Nxe2+ 12. Qxe2 O-O 13. Qg4 Nc6 14. Bf4
Qd8 15. Nf3 d6 16. Bh6 Qf6 17. Bg5 Qc3 18. Nh4 Kh8 19. Qf4 e5 20. Qe4 Be6 21.
Rab1 Bxc4 22. Rfd1 d5 23. Qf5 Nd4 24. Qd7 Qxc2 25. Be7 Rg8 26. Bg5 Bxa2 27. Ra1
Nb3 28. Qxf7 Nxa1 29. Qh5 Rgf8 30. Rd2 Qe4 31. Rd1 Nb3 32. f3 Qc2 33. Rf1 Bb1
34. Rf2 Qc5 35. g3 a5 36. f4 exf4 37. gxf4 Rae8 38. Kg2 Be4+ 39. Kg3 Qd6 40.
Kh3 Nd4 41. f5 Nxf5 42. Nxf5 Bxf5+ 43. Rxf5 Rxf5 44. Qxe8+ Rf8 45. Qe1 Qg6 46.
Qe7 Qh5+ 47. Bh4 Qf5+ 48. Kg2 Qf3+ 49. Kg1 Qf1# 0-1

[Event "NAYCC U12"]
[Site "Windsor CAN"]
[Date "2016.08.08"]
[Round "2.102"]
[White "Shi, David"]
[Black "Shen, Christopher"]
[Result "0-1"]
[WhiteElo "1309"]
[BlackElo "2161"]
[PlyCount "82"]
[EventDate "2016.08.07"]
[EventType "swiss"]
[EventRounds "9"]
[EventCountry "CAN"]

1. e4 e6 2. d4 d5 3. Nc3 Bb4 4. e5 c5 5. a3 Bxc3+ 6. bxc3 Ne7 7. Bd3 Qc7 8. Bd2
b6 9. Qg4 c4 10. Be2 Nf5 11. Nf3 Nc6 12. O-O Bd7 13. Nh4 Nce7 14. Bg5 Ng6 15.
Nxf5 exf5 16. Qg3 Be6 17. a4 h6 18. Bc1 Rg8 19. Bh5 Ne7 20. Ba3 g5 21. Bd6 Qd7
22. a5 f4 23. Qf3 b5 24. Bxe7 Kxe7 25. g4 Rab8 26. a6 Rb6 27. Ra5 Rgb8 28. h3
Qc8 29. Rb1 Rxa6 30. Raxb5 Rxb5 31. Rxb5 Ra1+ 32. Kg2 a6 33. Rb2 a5 34. Rb5 a4
35. Ra5 Qb7 36. Qe2 Qb1 37. Ra7+ Kf8 38. Ra8+ Kg7 39. Rg8+ Kxg8 40. Bxf7+ Kxf7
41. f3 Qg1# 0-1

[Event "NAYCC U12"]
[Site "Windsor CAN"]
[Date "2016.08.08"]
[Round "2.103"]
[White "Huang, Patrick"]
[Black "Boyd, Alexander"]
[Result "1-0"]
[WhiteElo "1973"]
[BlackElo "1247"]
[PlyCount "121"]
[EventDate "2016.08.07"]
[EventType "swiss"]
[EventRounds "9"]
[EventCountry "CAN"]

1. e4 c5 2. Nf3 d6 3. d4 cxd4 4. Nxd4 Nf6 5. Nc3 g6 6. Be2 Bg7 7. O-O O-O 8.
Bg5 Nc6 9. Nb3 a6 10. Re1 b5 11. Bf1 Qb6 12. Bxf6 Bxf6 13. Nd5 Qa7 14. Nxf6+
exf6 15. Qxd6 Ne5 16. Qxf6 Ng4 17. Qd4 Qc7 18. g3 Ne5 19. Bg2 Bh3 20. Qc5 Qxc5
21. Nxc5 Bxg2 22. Kxg2 Rfc8 23. Nd3 Nxd3 24. cxd3 Rc2 25. Rab1 Rd8 26. Red1 a5
27. Kf3 Kg7 28. Ke3 Rdc8 29. Rd2 f5 30. Rxc2 Rxc2 31. e5 Kf7 32. d4 Ke6 33. h3
h6 34. g4 fxg4 35. hxg4 Kd5 36. f3 Rc4 37. Rd1 a4 38. Rd2 g5 39. f4 a3 40. f5
axb2 41. Rxb2 Rc3+ 42. Kd2 Kxd4 43. Rb4+ Rc4 44. Rxc4+ bxc4 45. e6 c3+ 46. Kc2
h5 47. e7 hxg4 48. e8=Q g3 49. Qe2 g4 50. Qxg4+ Ke5 51. Qxg3+ Kxf5 52. Kxc3 Ke4
53. Qf2 Kd5 54. Qe3 Kc6 55. Qd4 Kb7 56. Qc5 Ka6 57. Qb4 Ka7 58. Kc4 Ka6 59. Kc5
Ka7 60. Kc6 Ka8 61. Qb7# 1-0

[Event "NAYCC U12"]
[Site "Windsor CAN"]
[Date "2016.08.08"]
[Round "2.104"]
[White "Wang, Kevin"]
[Black "Somalwar, Anaiy"]
[Result "0-1"]
[WhiteElo "1158"]
[BlackElo "1755"]
[PlyCount "67"]
[EventDate "2016.08.07"]
[EventType "swiss"]
[EventRounds "9"]
[EventCountry "CAN"]

1. d4 d5 2. c4 e6 3. Nf3 Be7 4. Nc3 Nf6 5. e3 O-O 6. Bd3 Nbd7 7. O-O b6 8. cxd5
exd5 9. Re1 Bb7 10. a4 c5 11. a5 Ne4 12. a6 Bc6 13. Nd2 Nxd2 14. Bxd2 Bf6 15.
dxc5 bxc5 16. Qc2 g6 17. Rab1 c4 18. Be2 Nc5 19. Ra1 Qb6 20. Bf3 Rad8 21. e4
Nb3 22. Rad1 d4 23. Nd5 Bxd5 24. exd5 Qxa6 25. Bb4 Rfe8 26. Rxe8+ Rxe8 27. d6
Qb5 28. d7 Rd8 29. Bd2 d3 30. Qb1 Qxd7 31. Be3 Bd4 32. Bd2 Qc7 33. g3 Qb6 34.
Qa2 0-1

[Event "NAYCC U12"]
[Site "Windsor CAN"]
[Date "2016.08.08"]
[Round "2.105"]
[White "Damarla, Rishi"]
[Black "Thirumalai, Atul"]
[Result "0-1"]
[WhiteElo "1065"]
[BlackElo "1543"]
[PlyCount "58"]
[EventDate "2016.08.07"]
[EventType "swiss"]
[EventRounds "9"]
[EventCountry "CAN"]

1. e4 c5 2. Nf3 d6 3. d4 cxd4 4. Nxd4 Nf6 5. Nc3 a6 6. Be3 e5 7. Nb3 Be6 8. Bd3
Be7 9. h3 Nbd7 10. O-O O-O 11. Qe2 Rc8 12. Rad1 b5 13. a3 Qc7 14. Rfe1 Nc5 15.
Nc1 Nxd3 16. Qxd3 Qc6 17. f3 Rfd8 18. N1e2 d5 19. exd5 Nxd5 20. Nxd5 Rxd5 21.
Qc3 Qb7 22. Qa5 Rxc2 23. Rxd5 Bxd5 24. Bc1 Bc5+ 25. Kh1 Bb6 26. Qb4 Bxf3 27.
gxf3 Qxf3+ 28. Kh2 Qf2+ 29. Kh1 Rxe2 0-1

[Event "NAYCC U12"]
[Site "Windsor CAN"]
[Date "2016.08.08"]
[Round "2.106"]
[White "Yeung, Wesley"]
[Black "Bhanji, Areez"]
[Result "1-0"]
[WhiteElo "1515"]
[BlackElo "1135"]
[PlyCount "111"]
[EventDate "2016.08.07"]
[EventType "swiss"]
[EventRounds "9"]
[EventCountry "CAN"]

1. e4 c5 2. Nf3 g6 3. d4 cxd4 4. Qxd4 Nf6 5. Nc3 Nc6 6. Qa4 Bg7 7. e5 Ng8 8.
Bf4 Nh6 9. h3 Nf5 10. g4 Nh6 11. Nd5 O-O 12. O-O-O e6 13. Bg5 Qa5 14. Qxa5 Nxa5
15. Nc7 Rb8 16. Be7 a6 17. Bxf8 Kxf8 18. Bg2 Nc6 19. Rhe1 Ng8 20. c4 h6 21. Re4
Ke7 22. Nd4 Nxe5 23. f4 Nc6 24. Nd5+ Kf8 25. Nxc6 bxc6 26. Nc3 Nf6 27. Re2 Ng8
28. f5 Ke7 29. Kc2 Nf6 30. Bf3 Ng8 31. b3 Nf6 32. h4 Nh7 33. Rg1 g5 34. h5 Nf6
35. Rge1 Nh7 36. Na4 Nf8 37. Nc5 Bd4 38. Ne4 Bg7 39. Kd3 Be5 40. Nxg5 Bg7 41.
Nh3 Bf6 42. Rf1 Bg7 43. Ref2 f6 44. Re1 Bh8 45. Ref1 Bg7 46. Re1 Bh8 47. Nf4
Bg7 48. fxe6 dxe6 49. Bxc6 Rb6 50. Nd5+ Kd6 51. Nxb6 Kxc6 52. Nxc8 Kc7 53. Ne7
Kd7 54. Ng6 Nxg6 55. hxg6 e5 56. Rxe5 1-0

[Event "NAYCC U12"]
[Site "Windsor CAN"]
[Date "2016.08.08"]
[Round "2.107"]
[White "Singh, Hersh"]
[Black "Cyrenne, Cole"]
[Result "1-0"]
[WhiteElo "1506"]
[BlackElo "922"]
[PlyCount "135"]
[EventDate "2016.08.07"]
[EventType "swiss"]
[EventRounds "9"]
[EventCountry "CAN"]

1. e4 c5 2. Nf3 e6 3. d4 d5 4. Nbd2 Nc6 5. Bb5 Bd7 6. exd5 exd5 7. Bxc6 Bxc6 8.
O-O Nf6 9. Re1+ Be7 10. dxc5 O-O 11. Nb3 Ba4 12. Be3 Bxb3 13. axb3 Qc7 14. b4
a5 15. c3 Rfd8 16. Rxa5 Rxa5 17. bxa5 Bxc5 18. b4 Bxe3 19. Rxe3 Ne4 20. Qd4 h6
21. h3 Rc8 22. Qxd5 Nxc3 23. Qe5 Qc4 24. Qf5 Rd8 25. Ne5 Rd1+ 26. Kh2 Qc7 27.
Qc2 Nd5 28. Qxc7 Nxc7 29. Rc3 Nd5 30. Rd3 Rxd3 31. Nxd3 b5 32. a6 Nb6 33. a7
Kf8 34. Ne5 Ke7 35. Nc6+ Kd7 36. Nd4 Kc7 37. Nxb5+ Kb7 38. Nd6+ Kxa7 39. Nxf7
Nd5 40. Nd6 Nxb4 41. Nf5 g6 42. Nxh6 Kb6 43. Ng4 Kc5 44. Ne5 g5 45. Nf7 Nd3 46.
f3 Kd5 47. Nxg5 Ne5 48. h4 Kd4 49. h5 Ke3 50. h6 Kf4 51. h7 Ng6 52. Nf7 Ke3 53.
h8=Q Nxh8 54. Nxh8 Kf2 55. f4 Ke3 56. f5 Kf2 57. f6 Ke3 58. f7 Ke4 59. f8=Q Kd5
60. Qf4 Kc6 61. Qe5 Kd7 62. Qf6 Ke8 63. Qf7+ Kd8 64. g4 Kc8 65. g5 Kd8 66. g6
Kc8 67. g7 Kd8 68. g8=R# 1-0

[Event "NAYCC U12"]
[Site "Windsor CAN"]
[Date "2016.08.08"]
[Round "2.108"]
[White "Nath, Naveen"]
[Black "Xing, Kun"]
[Result "1-0"]
[WhiteElo "1481"]
[BlackElo "880"]
[PlyCount "81"]
[EventDate "2016.08.07"]
[EventType "swiss"]
[EventRounds "9"]
[EventCountry "CAN"]

1. e4 e5 2. Nf3 Nc6 3. Bb5 a6 4. Ba4 Bc5 5. O-O Nf6 6. d3 h6 7. Bxc6 dxc6 8.
Nxe5 Qe7 9. Nc4 Be6 10. Nc3 O-O 11. Ne3 Rfd8 12. Qf3 Rab8 13. Nf5 Bxf5 14. Qxf5
Bd6 15. Be3 Qe5 16. Qxe5 Bxe5 17. f4 Bxc3 18. bxc3 b6 19. f5 a5 20. Bf4 Rbc8
21. c4 Nd7 22. Be3 c5 23. Bf4 f6 24. h4 g5 25. fxg6 h5 26. Bh6 Re8 27. Rf5 Re5
28. Rxe5 fxe5 29. Rf1 Re8 30. Rf5 Re6 31. Rxh5 Rxg6 32. Rg5 Kh7 33. Rxg6 Kxg6
34. Bg5 Kh5 35. g3 c6 36. Bd8 b5 37. cxb5 cxb5 38. Bxa5 b4 39. Bd8 Kg4 40. Kg2
Kh5 41. Kh3 1-0

[Event "NAYCC U12"]
[Site "Windsor CAN"]
[Date "2016.08.08"]
[Round "2.109"]
[White "Liu, Bowser"]
[Black "Laurrabaquio Ramirez, Bryan Rica"]
[Result "0-1"]
[WhiteElo "895"]
[BlackElo "1480"]
[PlyCount "100"]
[EventDate "2016.08.07"]
[EventType "swiss"]
[EventRounds "9"]
[EventCountry "CAN"]

1. c4 e5 2. Nc3 Bc5 3. e3 Nc6 4. Nge2 Nf6 5. g3 d6 6. Bg2 Be6 7. b3 d5 8. d3
Bb4 9. O-O Bxc3 10. Nxc3 d4 11. Ne2 dxe3 12. fxe3 Qd7 13. Ba3 O-O-O 14. Nc1 Bh3
15. b4 Bxg2 16. Kxg2 Ng4 17. Qd2 e4 18. d4 Ne7 19. Rd1 Nf5 20. Re1 Ngxe3+ 21.
Rxe3 Nxe3+ 22. Qxe3 Qxd4 23. Qxd4 Rxd4 24. Ne2 Rxc4 25. Rc1 Rxc1 26. Bxc1 Re8
27. Kf2 Kd7 28. Nc3 f5 29. Bb2 g6 30. Ke3 c6 31. g4 Ke6 32. Ne2 Rd8 33. Nd4+
Kf7 34. gxf5 gxf5 35. Nxf5 Kg6 36. Ng3 Rd3+ 37. Kxe4 Rd2 38. Bd4 Rxa2 39. Nf5
Ra4 40. Bc3 a5 41. Ne3 axb4 42. Be5 b3+ 43. Kf3 Ra2 44. Nd1 Rd2 45. Nb2 b5 46.
Ke3 Rc2 47. Kd3 c5 48. h3 c4+ 49. Ke3 c3 50. Nd1 b2 0-1